Hambre.

Gespeichert in:
Bibliographische Detailangaben
1. Verfasser: Hamsun, Knut (autor)
Weitere Verfasser: Viana, José (tarductor)
Format: Buch
Sprache:Englisch
Veröffentlicht: Madrid, España: Aguilar, 1967.
Ausgabe:Quinta edición.
Schlagworte:
Tags: Tag hinzufügen
Keine Tags, Fügen Sie den ersten Tag hinzu!

MARC

LEADER 00000cam a2200000 a 4500
001 UCJ8674
003 CL-VaPUC
005 20220822114459.0
008 220613b1967 ||||| |||| 00| 0 eng d
999 |c 435958  |d 435956 
040 |c Pontificia Universidad Católica de Valparaíso 
082 0 4 |a 839.8236 HAM 1967  |2 21 
100 |a Hamsun, Knut  |9 719794  |e autor 
245 1 0 |a Hambre. 
250 |a Quinta edición. 
260 |a Madrid, España:  |b Aguilar,   |c 1967. 
300 |a 279 páginas.  
500 |a c.1 Donación Familia Prof. Alejandro Guzmán Brito. 
583 |a last modification  |c 20150713 10:33:58  |k Cristina María Rojas Aguilar 
650 7 |a Novelas noruegas  |2 CL-VaPUC  |9 322661 
650 7 |a Literatura noruega   |x Depresión mental   |9 870611 
700 |a Viana, José   |e tarductor  |9 870561 
942 |c BK  |2 ddc  |n 0 
952 |0 0  |1 0  |2 ddc  |4 0  |6 839_823600000000000_HAM_1967  |7 0  |8 C_AGB  |9 583621  |a BIBDER  |b BIBDER  |d 2022-06-13  |e Donación   |i 5651694  |o 839.8236 HAM 1967  |p 5651694  |r 2023-01-25  |t 1  |w 2022-06-13  |y BK_US  |k AGB